Constitutional reservations / (Record no. 125872)

MARC details
000 -LEADER
fixed length control field 00710nam a22002297a 4500
005 - DATE AND TIME OF LATEST TRANSACTION
control field 20170124110001.0
010 ## - LIBRARY OF CONGRESS CONTROL NUMBER
LC control number A-940354
020 ## - INTERNATIONAL STANDARD BOOK NUMBER
Terms of availability 425.00
035 ## - SYSTEM CONTROL NUMBER
System control number A-940354
037 ## - SOURCE OF ACQUISITION
Source of stock number/acquisition Cen Lib/Ret
040 ## - CATALOGING SOURCE
Original cataloging agency DPL
Language of cataloging EN
082 ## - DEWEY DECIMAL CLASSIFICATION NUMBER
Classification number 342.54
Item number DEO
100 ## - MAIN ENTRY--PERSONAL NAME
Personal name Deopujari, U.P.
9 (RLIN) 15823
245 ## - TITLE STATEMENT
Title Constitutional reservations /
Statement of responsibility, etc by U.P. Deopujari
260 ## - PUBLICATION, DISTRIBUTION, ETC. (IMPRINT)
Place of publication, distribution, etc Nagpur
Name of publisher, distributor, etc Nagpur Law House
Date of publication, distribution, etc 1997
270 ## - ADDRESS
City Nagpur
Address 182, nandanvan layout, main road
Postal code 440009
300 ## - PHYSICAL DESCRIPTION
Extent 690p.
Dimensions 23cm(Hb)
500 ## - GENERAL NOTE
General note Includes bibliographical references and index
650 ## - SUBJECT ADDED ENTRY--TOPICAL TERM
Topical term or geographic name as entry element Constitution
Geographic subdivision India
9 (RLIN) 15824
650 ## - SUBJECT ADDED ENTRY--TOPICAL TERM
Topical term or geographic name as entry element Instructions of reservations
9 (RLIN) 15825
942 ## - ADDED ENTRY ELEMENTS (KOHA)
Source of classification or shelving scheme Dewey Decimal Classification
Koha item type English Books
Classification part 342.54
Call number suffix DEO
Holdings
Withdrawn status Lost status Damaged status Not for loan Home library Current library Date acquired Source of acquisition Cost, normal purchase price Total Checkouts Full call number Barcode Date last seen Date checked out Copy number Cost, replacement price Price effective from Koha item type
        Central Library Central Library 23/06/2015 Cen Lib/Ret 425.00 2 342.54 DEO A-940354 16/04/2022 29/03/2022 1 425.00 23/06/2015 English Books

© Delhi Public Library
Hit Counter
free hit counter